La oralidad en contextos diversos. Aportes investigativos para su discusión y comprensión.

Saved in:
Bibliografiske detaljer
Hovedforfatter: Pinilla Vásquez, Raquel
Format: Bog
Sprog:Spanish
Udgivet: Bogotá (Colombia): Universidad Distrital Francisco José de Caldas 2012
Fag:
Online adgang:Enlace del recurso
Tags: Tilføj Tag
Ingen Tags, Vær først til at tagge denne postø!

MARC

LEADER 00000nam a22000007a 4500
003 OSt
005 20170728101915.0
008 170727b2012 ck ||||| |||| 00| 0 spa d
020 |a 9789588723839 
040 |c CNA-IDEP 
082 |a 302.22  |b P645 
100 |a Pinilla Vásquez, Raquel  |9 2485 
245 1 3 |a La oralidad en contextos diversos.  |b Aportes investigativos para su discusión y comprensión.  |c Raquel Pinilla Vásquez, Yolima Gutiérrez Ríos: [compiladoras] 
260 |a Bogotá (Colombia):  |b Universidad Distrital Francisco José de Caldas  |c 2012 
300 |a 576 p.  |b Tablas, Gráficos 
518 |a Memorias. I Encuentro Iberoamericano de Estudios sobre Oralidad y IV Encuentro Latinoamericano de identidades. La Oralidad en contextos diversos. Bogotá-Colombia 8,9 y 10 de Junio 2011 
650 |a Comunicación oral  |9 1319 
650 |a Tradición oral  |9 2432 
650 |a Análisis del discurso  |9 2486 
650 |a Literatura oral  |9 2487 
942 |2 ddc  |c BK 
999 |c 5198  |d 5198 
856 |u https://catalogo.idep.edu.co/cgi-bin/koha/opac-detail.pl?biblionumber=5198  |z Enlace del recurso